Central Library OPAC University of Rajshahi

Men against the desert / (Record no. 3648)

MARC details
000 -LEADER
fixed length control field 00705nam a2200229 a 4500
001 - CONTROL NUMBER
control field 3648
003 - CONTROL NUMBER IDENTIFIER
rucl marc code BD-RjUL
005 - DATE AND TIME OF LATEST TRANSACTION
control field 20211208233750.0
008 - FIXED-LENGTH DATA ELEMENTS--GENERAL INFORMATION
fixed length control field 160627s1951 enk 001 0 eng d
035 ## - SYSTEM CONTROL NUMBER
System control number (BD-RjUL)3682
040 ## - CATALOGING SOURCE
Original cataloging agency PLF
Transcribing agency PLF
Modifying agency EQO
-- BD-RjUL
Language of cataloging eng
041 ## - LANGUAGE CODE
Language code of text/sound track or separate title eng
082 ## - DEWEY DECIMAL CLASSIFICATION NUMBER
Classification number 631.617
Author mark and year CAM 1951
Edition number 23
100 1# - MAIN ENTRY--PERSONAL NAME
Personal name Calder, Ritchie,
Dates associated with a name 1906-1982
9 (RLIN) 11572
245 10 - TITLE STATEMENT
Title Men against the desert /
Statement of responsibility, etc. Ritchie Calder
260 ## - PUBLICATION, DISTRIBUTION, ETC. (IMPRINT)
Place of publication, distribution, etc. London :
Name of publisher, distributor, etc. Allen,
Date of publication, distribution, etc. c1951
300 ## - PHYSICAL DESCRIPTION
Pagination 186 p. ;
Size 22 cm.
504 ## - BIBLIOGRAPHY, ETC. NOTE
Bibliography, etc Includes index.
650 ## - SUBJECT ADDED ENTRY--TOPICAL TERM
Topical term or geographic name as entry element Reclamation of land.
9 (RLIN) 11573
General subdivision Africa, North
856 ## - ELECTRONIC LOCATION AND ACCESS
Uniform Resource Identifier <a href="http://www.worldcat.org/title/men-against-the-desert/oclc/6229470&referer=brief_results">http://www.worldcat.org/title/men-against-the-desert/oclc/6229470&referer=brief_results</a>
942 ## - ADDED ENTRY ELEMENTS (KOHA)
Source of classification or shelving scheme Dewey Decimal Classification
Koha item type Books
Holdings
Lost status Source of classification or shelving scheme Damaged status Not for loan Collection code Permanent Location Current Location Shelving location Date acquired Source of acquisition Cost, normal purchase price Total Checkouts Full call number Date last seen Copy number Koha item type
  Dewey Decimal Classification     Non-fiction Central Library, University of Rajshahi Central Library, University of Rajshahi   09/11/1966 Dhaka.Qurishi 12.39   631.617 CAM 1951 19/12/2013 C-2 Books
  Dewey Decimal Classification     Non-fiction Central Library, University of Rajshahi Central Library, University of Rajshahi   04/06/1955 Pub. United 12.39   631.617 CAM 1951 26/06/2016 C-3 Books